01450nam a2200361 i 45000010008000000030009000080050017000170080041000340200018000750350024000930350012001170400070001290820020001992450191002192460026004102500023004362500035004592640041004942640010005353000060005453360026006053370028006313380027006595040051006866500022007376530016007596550017007757000054007927000060008469420012009069990017009189520153009358168546EG-ScBUE20240521123250.0030212t2014 flua f b 001 0 eng d a9781444184990 a(OCoLC)ocn689811651 a8168546 aNLMbengerdacNLMdUKMdBAKERdNLGGCdBTCTAdBWKUKdYDXCPdCtY-M04a616.07222bMUI00aMuir's textbook of pathology /cedited by C. Simon Herrington, professor of pathology, University of Dundee and Consultant Pathologist, Ninewells Hospital and Medical School, Dundee, UK.30aTextbook of pathology aFifteenth edition. aInternational student edition. 1aBoca Raton, FL :bCRC Press,c[2014] 4cc2014 aviii, 592 pages :billustrations (some color) ;c28 cm. 2rdacontentatextbtxt 2rdamediaaunmediatedbn 2rdacarrieravolumebnc aIncludes bibliographical references and index. 7aPathology.2BUEsh cMay2024bPT vReading book1 aLevison, David A.q(David Annan),d1944-eeditor.12aMuir, Robert,cSir,d1864-1959.tTextbook of pathology. 2ddccBB c30746d30717 00102ddc40708BaccahaMAINbMAINc1STd2024-05-21ePurchaseg269.00h38223l0o616.07 MUIp000057100r2025-07-15 00:00:00v336.00w2024-05-21yBB